000 00347nam a2200133Ia 4500
005 20251222144711.0
008 251222s9999||||xx |||||||||||||| ||spa||
020 _a9972-696-34-0
082 _a353.536/V35M
100 _aVásquez Huamán, Enrique
245 0 _aManual Global por la Infancia:
264 _bSave the Children Suecia
942 _cLIB
999 _c17825
_d17825